00579nam a22001577a 450000500170000001000150001702000270003203500140005903700090007308200100008210000250009224500960011726000510021327001310026430000260039520240703162910.0 aENG-140747 c1895.00a9788195577552 aEN-124279 bDBAD a664.7 aChattopadhyay, P. K. aHandbook on Maize (Corn) Processing and Manufacture of Maize Products/cP. K. Chattopadhyay aDelhibNiir Project Consultancy Servicesc2019 bDelhia106-E, Opp. Spark Mall, Kamla Nagare110007k01123842955k01123845886k08800733955mnpcs.india@gmail.comminfo@niir.org axix, 484p.c21cm (pb)